000
00367nam a2200133Ia 4500
008
151001s9999||||xx |||||||||||||| ||und||
100
_a
Boatwright Howard
245
2
_a
A handbook on staff Notaton for indian music
250
_a
1
260
_b
Bharatiya Vidye Bhavan
260
_c
1960
300
_a
56
365
_b
25
999
_c
976572
_d
976569